Loading...
Philosophy | 0 | 6 | 2 | 0 | 50 | 78 | 111.67 | 4 | 5 |
Social Science | 0 | 6 | 2 | 0 | 50 | 80 | 88.50 | 4 | 6 |
History - European History | 0 | 3 | 0 | 1 | 30 | 97 | 111.67 | 0 | 2 |
History - World History | 0 | 2 | 0 | 2 | 20 | 120 | 121.50 | 0 | 2 |
Fine Arts - Other Arts | 0 | 2 | 0 | 1 | 20 | 126 | 145.50 | 0 | 2 |
History - Other History | 0 | 2 | 0 | 1 | 20 | 107 | 117.00 | 0 | 0 |
Beliefs | 0 | 4 | 4 | 0 | 20 | 99 | 113.50 | 1 | 3 |
History - American History | 0 | 2 | 1 | 2 | 15 | 123 | 126.00 | 0 | 1 |
Science - Chemistry | 0 | 1 | 0 | 1 | 10 | 120 | 120.00 | 0 | 1 |
History - Ancient History | 0 | 1 | 0 | 0 | 10 | 77 | 77.00 | 0 | 1 |
Literature - European Literature | 0 | 1 | 0 | 1 | 10 | 142 | 142.00 | 1 | 1 |
Literature - World Literature | 0 | 1 | 0 | 0 | 10 | 139 | 139.00 | 0 | 1 |
Current Events | 0 | 1 | 1 | 0 | 5 | 110 | 110.00 | 1 | 1 |
Literature - American Literature | 0 | 0 | 0 | 0 | 0 | 0.00 | 0 | 0 | |
Science - Other Science | 0 | 0 | 1 | 0 | -5 | 0.00 | 0 | 0 |